| 000 | 00697nam a2200229 4500 | ||
|---|---|---|---|
| 001 | 3307 | ||
| 005 | 20181127171002.0 | ||
| 010 | 0 | 0 | _a |
| 020 | 0 | 0 | _a |
| 090 | 0 | 0 | _a658.4095498 R8884s 2012 |
| 100 | 0 | 0 | _a |
| 245 | 0 | 0 |
_aSocial audit report on Royal Thimphu College / _b _cBBA first year students. _h |
| 250 | 0 | 0 | _a |
| 260 | 0 | 0 |
_a[Thimphu] : _b[Royal Thimphu College], _c2012. |
| 300 | 0 | 0 | _a23 leaves |
| 500 | _aSpiral-bound xerographic copy. | ||
| 500 | 0 | 0 | _a"Supervising lecturer: Dr. Swati Chakraborty, Lecturer MGT: 101" |
| 650 | 0 | 0 |
_a _x |
| 650 | 0 | 0 |
_aIndustries --Social aspects --Bhutan. _x |
| 650 | 0 | 0 |
_aSocial accounting. _x |
| 710 |
_aB.COM, Royal Thimphu College. _b _c _d _n _o _p _r _s _t |
||
| 999 |
_c2671 _d2671 |
||